000 00270nam a22001217a 4500
008 171021b xxu||||| |||| 00| 0 eng d
041 _aeng
080 _a658
100 _a54
101 _aLIN
245 _aUSING COMPUTERS: MANAGING CHANGE
_cREIS, L
942 _2udc
_cBK
999 _c35336
_d35336